Outsourcing in Europe (Record no. 107010)

MARC details
000 -LEADER
fixed length control field 00832cab a22001935a 4500
001 - CONTROL NUMBER
control field L138121
008 - FIXED-LENGTH DATA ELEMENTS--GENERAL INFORMATION
fixed length control field 070517s2007 xxk f 000 0 eng d
035 ## - SYSTEM CONTROL NUMBER
System control number (Sirsi) u138121
041 0# - LANGUAGE CODE
Language code of text/sound track or separate title eng
100 1# - MAIN ENTRY--PERSONAL NAME
Personal name Lane, David
245 00 - TITLE STATEMENT
Title Outsourcing in Europe
260 ## - PUBLICATION, DISTRIBUTION, ETC.
Date of publication, distribution, etc. 2007
490 #0 - SERIES STATEMENT
Series statement Lovells Real Estate Quarterly
Volume/sequential designation May 2007
520 ## - SUMMARY, ETC.
Summary, etc. Discusses the motivations for outsourcing, and recent transactions and business drivers relating to real estate outsourcing in the UK. Argues that pan-European transactions in particular can give exposure to a number of economies at once. Reports that international transactions are becoming more prevalent with increased internationalisation of capital.
590 ## - LOCAL NOTE (RLIN)
Local note KA
651 #4 - SUBJECT ADDED ENTRY--GEOGRAPHIC NAME
Geographic name EUROPE
690 ## - LOCAL SUBJECT ADDED ENTRY--TOPICAL TERM (OCLC, RLIN)
Topical term or geographic name as entry element PROPERTY-COMMERCIAL PROPERTY-COMMERCIAL PROPERTY MANAGEMENT
942 ## - ADDED ENTRY ELEMENTS (KOHA)
Suppress in OPAC 0
Holdings
Withdrawn status Lost status Source of classification or shelving scheme Damaged status Not for loan Home library Current library Shelving location Date acquired Total Checkouts Full call number Barcode Date last seen Copy number Price effective from Koha item type
    Dewey Decimal Classification     London London Journal article 17/05/2007   L138121 138121-1001 06/08/2019 1 06/08/2019 Journal article